logo

Bir Sreshtho Munshi Abdur Rouf Library
Jhenaidah Cadet College

National Geograhic Magazine / (Record no. 11534)

MARC details
000 -LEADER
fixed length control field 00558nas a2200193 a 4500
005 - DATE AND TIME OF LATEST TRANSACTION
control field 20191207093117.0
008 - FIXED-LENGTH DATA ELEMENTS--GENERAL INFORMATION
fixed length control field 191207b xxu||||| |||| 00| 0 eng d
022 ## - INTERNATIONAL STANDARD SERIAL NUMBER
International Standard Serial Number 0027-9358
040 ## - CATALOGING SOURCE
Transcribing agency BD-JhCC
082 ## - DEWEY DECIMAL CLASSIFICATION NUMBER
Classification number 051
Item number NAT
245 ## - TITLE STATEMENT
Title National Geograhic Magazine /
Statement of responsibility, etc. Edited by Susan Goldberg
260 ## - PUBLICATION, DISTRIBUTION, ETC.
Place of publication, distribution, etc. Washington, D.C :
Name of publisher, distributor, etc. National Geographic Society,
300 ## - PHYSICAL DESCRIPTION
Extent Vol. 7, Issue 4.
310 ## - CURRENT PUBLICATION FREQUENCY
Current publication frequency Monthly
650 ## - SUBJECT ADDED ENTRY--TOPICAL TERM
Topical term or geographic name entry element Geography
Form subdivision Periodicals
700 ## - ADDED ENTRY--PERSONAL NAME
Personal name Goldberg, Susan
856 ## - ELECTRONIC LOCATION AND ACCESS
Uniform Resource Identifier <a href="https://www.nationalgeographic.com/">https://www.nationalgeographic.com/</a>
942 ## - ADDED ENTRY ELEMENTS (KOHA)
Source of classification or shelving scheme Dewey Decimal Classification
Koha item type Continuing Resources
Serial record 1
Holdings
Withdrawn status Lost status Source of classification or shelving scheme Damaged status Not for loan Home library Current library Shelving location Date acquired Total Checkouts Full call number Barcode Date last seen Price effective from Koha item type
    Dewey Decimal Classification     JCC Rouf Library JCC Rouf Library Reference 12/07/2019   051 NAT M1002 12/07/2019 12/07/2019 Continuing Resources

JCC Library | Contacts | JCC Home

Last Update on 23 September 2017
Copyright @ 2017-2020 JCC Rouf Library
Rouf Library, Jhenidah Cadet College (JCC), Bangladesh